000 01015nam a2200313 i 4500
003 DO-SdBNP
005 20260116073830.0
007 ta
008 221109b2022 dr ||||| |||| 00| 0 spa d
020 _a9789945222166
040 _aDO-SdBNP
_bspa
_cBNPHU
_erda
082 4 _a158.1
_bM539L
_222
100 _aMendoza, Margarita
_982762
_eautora
245 1 3 _aLa vida, un reto /
_cMargarita Mendoza
264 _aSanto Domingo :
_bBúho,
_c2022.
300 _a111 páginas ;
_c22 cm.
336 _2rdacontent
_atexto
_btxt
337 _2rdamedia
_asin mediación
_bn
338 _2rdacarrier
_avolumen
_bnc
500 _aIncluye datos biográficos de la autora en las solapas
590 _aLa biblioteca posee 3 ejemplares autográfiados por la autora
590 _aInventariado, 2022/BT
650 0 _aAutoestima
_9212
650 0 _aConducta (Psicología)
_9673
650 4 _aInteligencia emocional
_974613
650 0 _aÉxito
_9394
910 _aBtavárez/Validado. Control de calidad MFF
942 _2ddc
_cLBS1
999 _c52834
_d52834